LEADER 00997nam a2200217 i 4500 001 000000243165 003 CaOOAMICUS 005 20150624000000.0 008 150624s1768 it u000 u lat u 013 $a222070 040 $aSeMil$bita 245 10$aPars 2. 300 $a[2] p., P. 259-576. 500 $aSegn. : R-2N8. 500 $aMarca editoriale: Aquila bicipite con una corona tra le due teste. In una cornice vegetale. (Repertorio consultato: Marte, BNC Roma). 773 0 $aSandini, Antonio <1692-1751>$tVitae Pontificum Romanorum ex antiquis monumentis descriptae opera et studio Antonii Sandini ... Pars 1. [-2.].$bEditio quinta Italica post duas Germanicas, retractatior & auctior curis postumis auctoris.$dVenetiis : Ex Typographia Balleoniana, 1768.$g2$w()32096 850 $aSeMil 852 $aSeMil$W1$xVenegono$y1$m3E V 2 FA$j193511$B193511$CSeMilBibl$Z2$F204269 $8I 941 1 $a10 961 $aRecupero: Mantegazza 996 $6245$aPars 2$9(OLS)http://semarc/title/49797 LEADER 00895nam a2200241 i 4500 001 000000066526 003 CaOOAMICUS 005 20071212000000.0 008 071212s1975 it u000 u ita u 013 $a37698 040 $aSeMil$bita 100 1 $aLe Carré, John ,$d<1931-2020>.$0(OLS)http://semarc/name/33362 245 13$aLa talpa /$cJohn Le Carré ; traduzione di Francesco Greenburger. 260 $aMilano :$bRizzoli,$c1975. 300 $a358 p. ;$c23 cm. 490 0 $aLa scala 700 1 $aGreenburger, Francesco.$0(OLS)http://semarc/name/33363 830 3$aLa scala.$0(OLS)http://semarc/title/7359 850 $aSeMil 852 $aSeMil$W1$xVenegono$y1$m1O V 46$j32679$B32679$CSeMilBibl$Z2$F32682 $81 961 $aOmaggio: Patti mons. Francesco 996 $6245$aLa talpa$9(OLS)http://semarc/title/105792 996 $6260$aMilano :$bRizzoli$9(OLS)http://semarc/publisher/29824